000 00990naa a22002897a 4500
001 BR6007474
003 BR-BrBNA
005 20240918181902.0
007 ta
008 230509b bl.||||| |||| 00| 0 por d
040 _aBR-BrBNA
_bpor
_cBiblioteca Nacional de Agricultura
041 _a(Pt)
072 _aL70
_b9700
090 _aL70 BR6007474
100 1 _aSilva, O. de C. e
111 1 _a2. Congresso Brasileiro de Veterinaria
_cBelo Horizonte, MG (Brazil)
_d7 Sep 1943
245 1 _aFiscalizacao sanitaria de carnes no matadouro de Santa Cruz
260 3 _a[np](Brasil):
_c[nd].
500 _aAnais do 2. Congresso Brasileiro de Veterinaria [np](Brasil): [nd]. p. 777-779 (BR6007474-AM)L70
650 _aHigiene
650 _aCarne
650 _aAlimento Animal
650 _aInspecao Sanitaria
773 0 _tAnais do 2. Congresso Brasileiro de Veterinaria
_wL70 BR6007474
_g[np](Brasil), [nd]. p. 777-779
909 _a202404
_bLucia
_c55
_dLucia Elande
942 _cAM
_2AGRIS
999 _c327366
_d327366